Microfoundations: the compatibility of microeconomics and macroeconomics / (Record no. 242)

MARC details
000 -LEADER
fixed length control field 01328cam a2200265 i 4500
001 - CONTROL NUMBER
control field 2264337
005 - DATE AND TIME OF LATEST TRANSACTION
control field 20210414113856.0
008 - FIXED-LENGTH DATA ELEMENTS--GENERAL INFORMATION
fixed length control field 780619s1979 enk b 001 0 eng
020 ## - INTERNATIONAL STANDARD BOOK NUMBER
International Standard Book Number 0521294452
040 ## - CATALOGING SOURCE
Original cataloging agency DLC
Transcribing agency DLC
Modifying agency DLC
050 00 - LIBRARY OF CONGRESS CALL NUMBER
Classification number HB71.W397
100 1# - MAIN ENTRY--PERSONAL NAME
Personal name Weintraub, E. Roy.
245 10 - TITLE STATEMENT
Title Microfoundations: the compatibility of microeconomics and macroeconomics /
Statement of responsibility, etc. E. Roy Weintraub.
260 ## - PUBLICATION, DISTRIBUTION, ETC.
Place of publication, distribution, etc. Cambridge :
Name of publisher, distributor, etc. Cambridge University Press,
Date of publication, distribution, etc. 1979.
300 ## - PHYSICAL DESCRIPTION
Extent viii, 175 p. ;
Dimensions 22 cm.
490 0# - SERIES STATEMENT
Series statement Cambridge surveys of economic literature
500 ## - GENERAL NOTE
General note Includes bibliograhical references and index.
505 ## - FORMATTED CONTENTS NOTE
Formatted contents note Contents: Introduction: Points of entry -- Development of the neo-Walrasian program 1930-60 -- The 4,827th reexamination of Keyne's system -- The neo-Walrasian synthesis -- General systematic coordination -- Introduction: Walrasian equilibrium models -- Walrasian disequilibrium theory -- Edgeworthian equilibrium -- Edgeworth disequilibrium analysis -- A Brief conclusion.
650 #0 - SUBJECT ADDED ENTRY--TOPICAL TERM
Topical term or geographic name entry element Microeconomics.
650 #0 - SUBJECT ADDED ENTRY--TOPICAL TERM
General subdivision Mathematical models.
856 42 - ELECTRONIC LOCATION AND ACCESS
Materials specified Publisher description
Uniform Resource Identifier <a href="http://www.loc.gov/catdir/description/cam032/78016551.html">http://www.loc.gov/catdir/description/cam032/78016551.html</a>
856 41 - ELECTRONIC LOCATION AND ACCESS
Materials specified Table of contents
Uniform Resource Identifier <a href="http://www.loc.gov/catdir/toc/cam031/78016551.html">http://www.loc.gov/catdir/toc/cam031/78016551.html</a>
906 ## - LOCAL DATA ELEMENT F, LDF (RLIN)
a 7
b cbc
c orignew
d 1
e ocip
f 19
g y-gencatlg
942 ## - ADDED ENTRY ELEMENTS (KOHA)
Source of classification or shelving scheme Library of Congress Classification
Koha item type Books
Holdings
Withdrawn status Lost status Source of classification or shelving scheme Damaged status Not for loan Home library Current library Shelving location Date acquired Total Checkouts Full call number Barcode Date last seen Price effective from Koha item type
    Library of Congress Classification     WISCONSIN INTERNATIONAL UNIVERSITY COLLEGE, GHANA - MAIN LIBRARY WISCONSIN INTERNATIONAL UNIVERSITY COLLEGE, GHANA - MAIN LIBRARY General Stacks 08/11/2011   HB71.W397 715/11 08/11/2011 08/11/2011 Books

If you have any concerns or questions; kindly contact the library


© Powered by WIUC ICT DIRECTORATE